000 01096 a2200229 4500
005 20081007093326.0
008 080725t xxu||||| |||| 00| 0 ur d
010 _aUr-7183
020 _a8182232317
_c150.00
035 _aU-5749
037 _bD.B.Act /pub
082 _a400
100 _aصا لحہ عبد اللہ
245 _aاردو صحا فت ميں اظہا ر و ابلا غ کے مختلف پيراۓ کا تنقيدی جا ءزہ
_cصا لحہ عبد اللہ
246 _aUrdu sahafat mein izhar-o-iblagh ke mukhtalif perai ka tanqidi jaiza
_bby Swaleh Abdullah
260 _aدھلی
_bايجو کيشنل پبليکيشنگ ہا ؤس
_c2006
270 _a3108،وکيل والی گلی کوچہ پنڈت لال کنو اں
_e11006
_k23216162
_l09101123211540
_mephdelhi@yahoo.com
300 _a176/ ص ا ل
_c22 سينٹی ميٹر
650 _aلسا نيا ت
942 _adpl
_cUR
_k440 /ص ا ل
_2ddc
_h440
_mص ا ل
999 _c1584
_d1584